1366 1185 1959 1030 1344 1685 1758 1263 1256 1878 1654 1705 1481 1661 1634 1117 1357 1207 1737 1706 1673 1405 1389 1961 1604 1759 1511 1173 1412 1243 1412 1045 1665 1085 1491 1481 1181 1595 1555 1216 1393 1417 1439 1896 1424 1897 1500 1606 1195 1566 1482 1851 1934 1234 1000 1648 1427 1297 1655 1717 1332 1916 1556 1997 1212 1437 1609 1359 1733 1031 1044 1127 1745 1338 1618 1479 1668 1782 1916 1975 1341 1823 1700 1493 1775 1166 1204 1291 1718 1349 1684 1285 1221 1575 1845 1264 1961 1136 1268 BCNSPRNW ULIB Ver.6.0+V

เปลี่ยนเป็นภาษาไทย

Change to English
 แสดงรายละเอียดบรรณานุกรม
  กลับหน้าหลัก

Brief Record : Get Marc (ISO 2709) : E-mail record : QR code < ปิดหน้าต่าง
LEADER : 00000nas 2200000uu 4500
001    13399124440
003     ULIB
008    150720s||||||||th 000 0 tha d
022 0  08992993
110 1  ฝ่ายการพยาบาล โรงพยาบาลมหาราชนครเชียงใหม่ คณะแพทยศาสตร์ มหาวิทยาลัยเชียงใหม่
245 00 วารสารพยาบาลสวนดอก/^cฝ่ายการพยาบาล โรงพยาบาลมหาราชนครเชียงใหม่ คณะแพทยศาสตร์ มหาวิทยาลัยเชียงใหม่
310    ^aราย 6 เดือน
850 ^a ULIB^bปีที่ 21 ฉบับที่ 1 ฉ.1
945    ^p0^l0^i903154
999    ^aเกษร โพธิ์สุวรรณ
รายการนี้ยังไม่มีแท็ก
คุณยังไม่ได้ล็อกอิน คุณสามารถมีกิจกรรมร่วมกับเว็บไซต์ได้ แต่ต้องล็อกอินก่อน ::
  ล็อกอิน

รายการสื่อสารสนเทศ (วารสาร)

ดูแบบ: กล่อง รายการ
ARRIVED
ปีที่ 21 ฉบับที่ 1 ฉ.1
สถานที่: ห้องสมุดวิทยาเขตสวรรค์ประชารักษ์ >วารสาร

BibComment


ยังไม่เคยถูกคอมเมนท์

คอมเมนท์ทรัพยากรรายการนี้
  คอมเมนท์: วารสารพยาบาลสวนดอ..


 Copyright 2026. Bcnsprnw @Library